000 00760nam a2200253Ia 4500
003 OSt
005 20220926014526.0
006 a|||||r|||| 00| 0
007 ta
008 220923b |||||||| |||| 00| 0 eng d
037 _cGeneral Book
040 _aRTL
_cRTL
_beng
041 _2eng
_aeng
082 _aXM5:8C, N3
100 _aCooke Robert A
_9320785
245 0 _aMcGraw-hill 36 hour course in finance for non-financial managers
260 _aNew York
_bMcGraw-Hill
_c1993
300 _axvii,266p
_ccm.
490 _aMcGraw-Hill 36 Hour Course Series
500 _aAppendix: p 227; Glossary: p 251-259
650 _aJoint Stock Company
942 _hXM5:8C, N3
_cGB
_2CC
999 _c629291
_d629291